00545nam a2200133Ia 4500008004100000041000800041082002400049100001800073245006900091260003700160300000900197999001900206952018600225230411s9999 xx 000 0 und d aeng aAD/610.6/VAT/B07861 aVati Jogindra aPrinciples and Practice of Nursing Management and Administration bJaypee BrothersaNew Delhic2013 a680p c157918d157918 001040708ADaBTINbBTINd2015-04-17eJaypee Brothers Medical Publishersg495.00i396j3l0oAD 610.6 VAT B07861pBTIN-BK-7861r2023-04-11 00:00:00v361.35w2013-05-08yBKzB07861